[Event "EU-ch Hybrid U10 Girls"]
[Site "Tornelo INT"]
[Date "2021.10.15"]
[Round "2"]
[White "Asachenko, Ksenia"]
[Black "Zeybek, Kayla Nil"]
[Result "1-0"]
[WhiteElo "1382"]
[BlackElo "1221"]
[PlyCount "63"]
[EventDate "2021.10.15"]
[EventType "swiss"]
[EventRounds "9"]
[EventCountry "NET"]
[SourceTitle "EXT 2023"]
[Source "ChessBase"]
[SourceDate "2022.10.05"]
[SourceVersion "1"]
[SourceVersionDate "2022.10.05"]
[SourceQuality "1"]
[WhiteTeam "Russia"]
[BlackTeam "Turkey"]
[WhiteTeamCountry "RUS"]
[BlackTeamCountry "TUR"]

1. e4 e6 2. d4 d5 3. Nd2 Nf6 4. e5 Nfd7 5. Bd3 c5 6. c3 Nc6 7. Ngf3 Qb6 8. 0-0 cxd4 9. cxd4 Nxd4 10. Nxd4 Qxd4 11. Nf3 Qb6 12. Be3 Qd8 13. Qa4 Be7 14. Qg4 g6 15. Bh6 f5 16. exf6 Nxf6 17. Bxg6+ hxg6 18. Qxg6+ Kd7 19. Ne5+ Kc7 20. Qc2+ Kb6 21. Nf7 Qe8 22. Be3+ Kb5 23. a4+ Ka5 24. Bd2+ Kb6 25. Be3+ Ka5 26. Nxh8 Qxh8 27. Qc7+ b6 28. Qxe7 Ng4 29. b4+ Ka6 30. b5+ Ka5 31. Bd2+ Qc3 32. Bxc3# 1-0

[Event "EU-ch Hybrid U10 Girls"]
[Site "Tornelo INT"]
[Date "2021.10.15"]
[Round "5"]
[White "Mateeva, Yana"]
[Black "Zeybek, Kayla Nil"]
[Result "0-1"]
[WhiteElo "1299"]
[BlackElo "1221"]
[PlyCount "66"]
[EventDate "2021.10.15"]
[EventType "swiss"]
[EventRounds "9"]
[EventCountry "NET"]
[SourceTitle "EXT 2023"]
[Source "ChessBase"]
[SourceDate "2022.10.05"]
[SourceVersion "1"]
[SourceVersionDate "2022.10.05"]
[SourceQuality "1"]
[WhiteTeam "Bulgaria"]
[BlackTeam "Turkey"]
[WhiteTeamCountry "BUL"]
[BlackTeamCountry "TUR"]

1. d4 Nf6 2. Bf4 d6 3. Nc3 Bf5 4. Nf3 g6 5. Nh4 Bd7 6. e4 Bg7 7. Qd2 0-0 8. Bh6 e5 9. dxe5 Bxh6 10. Qxh6 Ng4 11. Qf4 Qxh4 12. h3 Qh6 13. Qg3 Nxe5 14. Nd5 Na6 15. f4 Nc6 16. 0-0-0 Qg7 17. Bc4 Nab4 18. Nxc7 Rac8 19. Nb5 Nd4 20. Nxd4 Rxc4 21. a3 Rxd4 22. axb4 Rxb4 23. c3 Rb6 24. e5 Bf5 25. Rd5 Ra6 26. Kd2 dxe5 27. fxe5 Ra2 28. Rd1 Qh6+ 29. Ke2 Rxb2+ 30. Kf3 Qh5+ 31. Kf4 Qe2 32. Rd8 Qe4+ 33. Kg5 Kg7 0-1

[Event "EU-ch U08 Girls"]
[Site "Bratislava"]
[Date "2019.08.07"]
[Round "6"]
[White "Levitan, Liel"]
[Black "Zeybek, Kayla Nil"]
[Result "0-1"]
[WhiteElo "1159"]
[BlackElo "1031"]
[PlyCount "100"]
[EventDate "2019.08.02"]
[EventType "swiss"]
[EventRounds "9"]
[EventCountry "SVK"]
[SourceTitle "EXT 2020"]
[Source "ChessBase"]
[SourceDate "2019.10.17"]
[SourceVersion "1"]
[SourceVersionDate "2019.10.17"]
[SourceQuality "1"]

1. e4 e6 2. d4 d5 3. exd5 exd5 4. Bd3 Bd6 5. Nf3 Nc6 6. 0-0 Bg4 7. Re1+ Nge7 8. c3 Qd7 9. Nbd2 f6 10. Qc2 0-0-0 11. h3 h5 12. b4 Bf4 13. Ba3 Bd6 14. b5 Nb8 15. Bxd6 Qxd6 16. hxg4 hxg4 17. Bf5+ Nd7 18. Bxg4 Rh6 19. Nb3 Rdh8 20. Bh3 g5 21. Nh2 f5 22. f3 Kb8 23. Qe2 Nc8 24. Na5 R8h7 25. Qb2 Nf6 26. Qb4 Qg3 27. Nc6+ Ka8 28. Qf8 Rh8 29. Qb4 Rxh3 30. Kf1 Rxh2 31. Qb2 Rh1+ 32. Ke2 Qxg2+ 33. Kd3 Qxb2 34. Rxh1 Rxh1 35. Rxh1 bxc6 36. bxc6 Qxa2 37. Rh8 Qa6+ 38. Ke3 f4+ 39. Kf2 Kb8 40. Rh2 Qxc6 41. Rg2 Qxc3 42. Rh2 Qxd4+ 43. Kf1 Qd1+ 44. Kf2 d4 45. Rg2 d3 46. Rh2 d2 47. Rh3 Qe1+ 48. Kg2 d1Q 49. Rh8 Qf1+ 50. Kh2 Qde2# 0-1

[Event "EU-ch U08 Girls"]
[Site "Bratislava"]
[Date "2019.08.03"]
[Round "2"]
[White "Zeybek, Kayla Nil"]
[Black "Skamaroshchanka, Daryia"]
[Result "1-0"]
[WhiteElo "1031"]
[BlackElo "1047"]
[PlyCount "103"]
[EventDate "2019.08.02"]
[EventType "swiss"]
[EventRounds "9"]
[EventCountry "SVK"]
[SourceTitle "EXT 2020"]
[Source "ChessBase"]
[SourceDate "2019.10.17"]
[SourceVersion "1"]
[SourceVersionDate "2019.10.17"]
[SourceQuality "1"]

1. e4 c5 2. c3 d5 3. exd5 Qxd5 4. d4 e5 5. Be3 cxd4 6. cxd4 exd4 7. Qxd4 Qxd4 8. Bxd4 Nc6 9. Be3 Bf5 10. Nf3 0-0-0 11. Bb5 Bb4+ 12. Nbd2 Nge7 13. Rc1 a6 14. Bc4 f6 15. a3 Bd6 16. 0-0 g5 17. Ba2 h5 18. Nd4 g4 19. Nxf5 Nxf5 20. Be6+ Kc7 21. Bxf5 Rhg8 22. Nc4 Kb8 23. Bb6 Bc7 24. Bxc7+ Kxc7 25. Na5 h4 26. Be4 Rd6 27. Nxc6 bxc6 28. Rfd1 Re6 29. Bd5 Rge8 30. Bxe6 Rxe6 31. Re1 Rxe1+ 32. Rxe1 Kd6 33. h3 gxh3 34. gxh3 Kd5 35. Re3 f5 36. Kg2 f4 37. Re2 Kc4 38. Kf3 Kb3 39. Kxf4 c5 40. Kg4 c4 41. f4 c3 42. bxc3 Kxc3 43. f5 a5 44. f6 Kb3 45. f7 Kxa3 46. f8Q+ Kb3 47. Qf3+ Kb4 48. Re4+ Kc5 49. Qf5+ Kd6 50. Re6+ Kd7 51. Qf7+ Kd8 52. Re8# 1-0